[Event "Heusenstamm Schloss op"]
[Site "Heusenstamm"]
[Date "2022.11.18"]
[Round "2"]
[White "Hebauf, Markus"]
[Black "Reinecke, Katharina"]
[Result "0-1"]
[WhiteElo "1547"]
[BlackElo "1875"]
[PlyCount "46"]
[EventDate "2022.11.17"]
[EventType "swiss"]
[EventRounds "7"]
[EventCountry "GER"]
[SourceTitle "CBM 212 Extra"]
[Source "ChessBase"]
[SourceDate "2023.03.31"]
[SourceVersion "1"]
[SourceVersionDate "2023.03.31"]
[SourceQuality "1"]

1. d4 d5 2. c4 c6 3. Nc3 Nf6 4. Nf3 e6 5. Bg5 Be7 6. e3 0-0 7. Bxf6 Bxf6 8. Qc2 Nd7 9. Bd3 h6 10. cxd5 exd5 11. 0-0-0 b5 12. Rdg1 b4 13. Ne2 Qa5 14. Kb1 c5 15. b3 Ba6 16. Bh7+ Kh8 17. Nf4 cxd4 18. exd4 Rfc8 19. Qf5 Nf8 20. Qh5 Kxh7 21. Nxd5 Bd3+ 22. Ka1 Qd8 23. Qxf7 Bg6 0-1

[Event "Hessen Cup Goldener Springer"]
[Site "Griesheim"]
[Date "2019.01.19"]
[Round "4"]
[White "Adamczyk, Matthias"]
[Black "Hebauf, Markus"]
[Result "1-0"]
[WhiteElo "2026"]
[BlackElo "1574"]
[PlyCount "45"]
[EventDate "2019.01.18"]
[EventType "swiss"]
[EventRounds "6"]
[EventCountry "GER"]
[SourceTitle "EXT 2020"]
[Source "ChessBase"]
[SourceDate "2019.10.17"]
[SourceVersion "1"]
[SourceVersionDate "2019.10.17"]
[SourceQuality "1"]

1. d4 d5 2. c4 Nf6 3. Nc3 e6 4. Bg5 Be7 5. Nf3 c6 6. e3 Qc7 7. Rc1 Nbd7 8. Bd3 a6 9. 0-0 h6 10. Bh4 g5 11. Bg3 Bd6 12. cxd5 exd5 13. e4 Bxg3 14. hxg3 dxe4 15. Bxe4 Nxe4 16. Nxe4 f5 17. Nc3 Nf6 18. Re1+ Kf8 19. Ne5 Kg7 20. d5 Rd8 21. Qb3 Nxd5 22. Nxd5 Rxd5 23. Qxd5 1-0